000 00445nam a22001817a 4500
003 MPLRDC
005 20220104154640.0
008 210129b ||||| |||| 00| 0 eng d
020 _a0-19-597490-5
082 _a855 LOF-7
100 _a李欧梵著
245 _a清水湾畔的臆语
_c
250 _a初版
260 _a
_bOXFORD UNIVERSITY PRESS
_c2004
300 _b
650 _a散文;随笔、日记
942 _cBK
_o855 LOF-7
999 _c54089
_d54079